personnages miyazaki (facile) - Statistiques

Statistiques générales
  • Ce quiz a été pris 336 fois
  • Le résultat moyen est 6 sur 10
Statistiques - réponses
description nom % Correct
fait des livraisons en balai volant, accompagnée de son chat noir parlant kiki
98%
se retrouve par hasard dans un bain pour esprits et autres êtres magiques chihiro
85%
amateur d'aviation, doté d'un visage intéressant, combat l'amerloque porco
82%
pas vraiment humaine, tombe amoureuse d'un petit garçon qui lui donne du jambon ponyo
75%
se fait vieillir, tombe sur un sorcier blond à la maison originale sophie
67%
tente de sauver le monde d'une forêt toxique et de très groscloportes en colère nausicaa
66%
son bras rongé par un démon l'oblige à voyager sur son élan rouge, il tente de sauver les dieux de la forêt ashitaka
58%
devient amie avec des pirates pour protéger son cristal magique sheeta
36%
autre amateur d'aviation, mais celui-là il les fabrique jiro
16%
montent dans un bus un peu trop poilu pour être vrai mei et satsuki
16%
Aucun quiz correspondant
Distribution des résultats
% des personnes avec chaque résultat
Percentile par nombre de réponses
Votre historique - résultats
Vous n’avez pas pris ce quiz